Analýza vývoje struktury před reformou, v roce 1991 a v 1. čtvrtletí 1992 Dílčí výstup

Gespeichert in:
Bibliographische Detailangaben
1. Verfasser: Petříček, Zdeněk
Weitere Verfasser: Ježdíková, Hana, Kocan, Bedřich
Format: Buch
Sprache:Tschechisch
Veröffentlicht: Praha Ústřední ústav národohospodářského výzkumu 1992
Ausgabe:1. vyd.
Schriftenreihe:Studijně rozborové a informační materiály
Schlagworte:
Tags: Tag hinzufügen
Keine Tags, Fügen Sie das erste Tag hinzu!

MARC

LEADER 00000nam a2200000 4500
001 c005514
005 20221214085244.4
041 0 |a cze 
044 |a CZ 
245 1 0 |a Analýza vývoje struktury před reformou, v roce 1991 a v 1. čtvrtletí 1992  |b Dílčí výstup  |c Zdeněk Petříček, Hana Ježdíková, Bedřich Kocan 
250 |a 1. vyd. 
264 1 |a Praha  |b Ústřední ústav národohospodářského výzkumu  |c 1992 
300 |a 56 s. 
490 1 |a Studijně rozborové a informační materiály 
830 0 |a Studijně rozborové a informační materiály 
610 2 0 |a politika priemyselná 
610 2 0 |a politika hospodárska 
610 2 0 |a obdobie prechodné 
610 2 0 |a transformácia 
610 2 0 |a priemysel 
610 2 0 |a stavebníctvo 
610 2 0 |a doprava 
610 2 0 |a zmeny štruktúrne 
610 2 0 |a mechanizmus trhový 
610 2 0 |a inovácia 
610 2 0 |a OKEČ 
100 1 |a Petříček, Zdeněk 
700 1 |a Ježdíková, Hana 
700 1 |a Kocan, Bedřich